ბათუმის შოთა რუსთაველის სახელმწიფო უნივერსიტეტის ბიბლიოთეკა

ნაგებობათა დინამიკა : [სახელმძღვ. უმაღლ. ტექნ. სასწ.] / (ბიბ.ჩანაწერი № 39870)

000 -ლიდერი
ფიქსირებული სიგრძის საკონტროლო ველი 00927nam a2200205Ia 4500
001 - საკონტროლო ნომერი
საკონტროლო ველი 6475
003 - საკონტროლო ნომრის იდენტიფიკატორი
საკონტროლო ველი GE_BSU
005 - ბოლო ოპერაციის თარიღი და დრო
საკონტროლო ველი 20190702161130.0
008 - ფიქსირებული სიგრძის მონაცემთა ელემენტები - ზოგადი ინფორმაცია
ფიქსირებული სიგრძის საკონტროლო ველი 181216s1986||||ge |||||||||||||| ||geo||
041 ## - ენის კოდი
Language code of text/sound track or separate title geo
080 ## - უნივერსალური ათობითი კლასიფიკაციის ინდექსი
Universal Decimal Classification number 624.04(075.8) ლ-28
100 ## - მთავარი ჩანაწერი - პიროვნების სახელი
Personal name ლორთქიფანიძე, რევაზ.
9 (RLIN) 3150
245 ## - ცნობა სათაურის შესახებ
Title ნაგებობათა დინამიკა : [სახელმძღვ. უმაღლ. ტექნ. სასწ.] /
Statement of responsibility, etc რევაზ ლორთქიფანიძე ; რედ : ი.გოგუაძე .
264 ## - წარმოების, გამოცემის, დისტრიბუციის და სხვა ცნობები
გამოცემის, წარმოების, დისტრიბუციის... ადგილი თბილისი :
გამოცემის, წარმოების, დისტრიბუციის... სახელწოდება განათლება,
გამოცემის, წარმოების, დისტრიბუციის... თარიღი 1986.
300 ## - ფიზიკური აღწერა
Extent 241 გვ .:
Other physical details ნახ.
Dimensions 21 სმ.
504 ## - BIBLIOGRAPHY, ETC. NOTE
Bibliography, etc ბიბლიოგრ.: გვ. 240.
653 ## - INDEX TERM--UNCONTROLLED
Uncontrolled term ნაგებობათა დინამიკა
700 ## - ADDED ENTRY--PERSONAL NAME
Personal name გოგუაძე, ი
Relator term რედაქტორი
9 (RLIN) 3151
942 ## - ADDED ENTRY ELEMENTS (KOHA)
Koha item type წიგნი
Source of classification or shelving scheme
ეგზემპლარები
ჩამოწერის სტატუსი დაკარგული ეგზემპლარის სტატუსი კლასიფიკაციის წყარო ან თაროზე გაწყობის სქემა დაზიანების სტატუსი არ გაიცემა მუდმივი მდებარეობა (დაცვის ადგილი) ამჟამინდელი ადგილსამყოფელი თაროზე განთავსების ადგილი შეძენის თარიღი ღირებულება, შესყიდვის ნორმალური ფასი სრული შენახვის შიფრი შტრიხკოდი ბოლო ოპერაციის თარიღი ეგზემპლარის მიმდევრობითი ნომერი (კეტერი?) ფასის ძალაში შესვლის თარიღი ეგზემპლარის სახეობა საჯარო შენიშვნა
          ტექნოლოგიური ფაკულტეტის ბიბლიოთეკა ტექნოლოგიური ფაკულტეტის ბიბლიოთეკა წიგნსაცავი 2018-12-17 1.00 624.04(075.8) ლ-28 11258 2018-12-17 11258 2018-12-17 წიგნი 1 ლ. 50 თ.
          ტექნოლოგიური ფაკულტეტის ბიბლიოთეკა ტექნოლოგიური ფაკულტეტის ბიბლიოთეკა წიგნსაცავი 2018-12-17 1.00 624.04(075.8) ლ-28 11259 2018-12-17 11259 2018-12-17 წიგნი 1 ლ. 50 თ.
          ტექნოლოგიური ფაკულტეტის ბიბლიოთეკა ტექნოლოგიური ფაკულტეტის ბიბლიოთეკა წიგნსაცავი 2018-12-17 1.00 624.04(075.8) ლ-28 11260 2018-12-17 11260 2018-12-17 წიგნი 1 ლ. 50 თ.
          ტექნოლოგიური ფაკულტეტის ბიბლიოთეკა ტექნოლოგიური ფაკულტეტის ბიბლიოთეკა წიგნსაცავი 2018-12-17 1.00 624.04(075.8) ლ-28 11261 2018-12-17 11261 2018-12-17 წიგნი 1 ლ. 50 თ.
          ტექნოლოგიური ფაკულტეტის ბიბლიოთეკა ტექნოლოგიური ფაკულტეტის ბიბლიოთეკა წიგნსაცავი 2018-12-17 1.00 624.04(075.8) ლ-28 11262 2018-12-17 11262 2018-12-17 წიგნი 1 ლ. 50 თ.